Statistiques concernant Capitales se terminant par E

Cliquez ici pour prendre le quiz!

Statistiques générales

  • Ce quiz a été pris 313 fois
  • Le résultat moyen est 15 sur 34

Statistiques - réponses

Capitales% Correct
Rome
82%
Lisbonne
79%
Berne
77%
Le Caire
74%
Varsovie
68%
Vienne
68%
Andorre-la-Vieille
66%
Prague
65%
La Valette
62%
Copenhague
61%
Belgrade
57%
La Havane
50%
Lomé
44%
Nicosie
43%
Malé
42%
Harare
38%
Libreville
38%
Manille
38%
Skopje
38%
Vientiane
37%
Yaoundé
35%
Gaborone
32%
Port-au-Prince
32%
Brazzaville
31%
Mascate
30%
Saint-Domingue
30%
Sucre
27%
Douchanbé
25%
São Tomé
25%
Basseterre
24%
Lilongwe
23%
Mbabane
22%
Port-d'Espagne
22%
Sri Jayawardenepura Kotte
18%

Distribution des résultats

Percentile par nombre de réponses

% des personnes avec chaque résultat

Votre développement - résultats

Vous n’avez pas pris ce quiz